Identidades sociales en Guatemala /

שמור ב:
מידע ביבליוגרפי
מחבר ראשי: Pedroni, Guillermo
Autores Corporativos: FLACSO (Guatemala), CSUCA
מחברים אחרים: Solares, Jorge
פורמט: Texto
יצא לאור: Guatemala: FLACSO
תגים: הוספת תג
אין תגיות, היה/י הראשונ/ה לתייג את הרשומה!

MARC

LEADER 00000 a a2200000 04500
001 22738
003
040
090 |a 156200  
100 |a Pedroni, Guillermo  
110 |a FLACSO (Guatemala)  
245 |a Identidades sociales en Guatemala /  |c FLACSO (Guatemala)  
260 |a Guatemala:   |b FLACSO  
300 |a 32 p  
700 |a Solares, Jorge  
710 |a CSUCA  
999 |c 16305  |d 16305